| 000 | 01287 a2200217 4500 | ||
|---|---|---|---|
| 003 | Nust | ||
| 005 | 20220817145328.0 | ||
| 010 | _a 84000303 | ||
| 020 | _a0805383700 | ||
| 040 | _cNust | ||
| 082 | 0 | 0 | _a005.133,SAV |
| 100 | 1 |
_aSavitch, Walter J., _936776 |
|
| 245 | 1 | 0 |
_aPascal, an introduction to the art and science of programming / _cby Walter J. Savitch. |
| 260 |
_aMenlo Park, CA : _bBenjamin/Cummings Pub. Co., _c1984. |
||
| 300 |
_axxiii, 550 p. ; _c24 cm. |
||
| 505 | _aIntroduction to Computers and Problem Solving (Page-1), Introduction to Pascal (Page-21), More Pascal and Problem Solving (Page-53), Procedures and Top Down Design (Page-87), Procedures for Modular Design (Page-109), Designing Programs that Make Choices (Page-137), Programming with Boolean Expression (Page-169), Looping Mechanisms (Page-193), Functions (Page-229), More on Data Types (Page-255), Program Design Methodology (Page-291), Using Recursion (Page-313), Text Files and Secondary Storage (Page-341), More Structured Data Types (Page-373), Solving Numeric Problems (Page-413), More Files Types (Page-437), Dynamic Data Structures (Page-461). | ||
| 650 | 0 | _aComputer programming. | |
| 650 | 0 |
_aPascal (Computer program language) _914014 |
|
| 740 | 0 | _aPascal. | |
| 942 |
_2ddc _cBK _k005.133,SAV |
||
| 999 |
_c180329 _d180329 |
||